| 000 | 01070nam a2200313 i 4500 | ||
|---|---|---|---|
| 001 | bg | ||
| 003 | BPK | ||
| 005 | 20200408135016.0 | ||
| 008 | 010118s1979 pl a f |001 0 pol | ||
| 015 | _aPB 1979/10588 | ||
| 020 | _a8301005645 | ||
| 040 |
_aWA N _cBPK |
||
| 041 | 0 | _apol | |
| 080 | _a519.2 | ||
| 080 | _a(075.8) | ||
| 100 | 1 |
_aPlucińska, Agnieszka _d(1932- ) _eAutor |
|
| 245 | 1 | 0 |
_aElementy probabilistyki / _cAgnieszka Plucińska, Edmund Pluciński. |
| 260 |
_aWarszawa : _bPaństwowe Wydawnictwo Naukowe, _c1979. |
||
| 300 |
_a309, [2] s. : _bil., tab., wykr., err. ; _c25 cm. |
||
| 490 | 1 | _aMatematyka dla Politechnik. | |
| 504 | _aBibliogr. s. 306. - Indeks. | ||
| 655 | 4 | _aPodręczniki akademickie | |
| 650 | 4 | _aStatystyka matematyczna | |
| 650 | 4 | _aRachunek prawdopodobieństwa | |
| 700 | 1 |
_aPluciński, Edmund _d(1929-2014) _eAutor |
|
| 830 | 0 | _aMatematyka dla Politechnik | |
| 942 |
_2UKD _cKS |
||
| 856 |
_uhttp://koha.tu.koszalin.pl/cgi-bin/koha/opac-detail.pl?biblionumber=19021 _yKatalog online BPK |
||
| 999 |
_c19021 _d19021 |
||